India today (Record no. 11024)

MARC details
000 -LEADER
fixed length control field 00315nam a22001097a 4500
005 - DATE AND TIME OF LATEST TRANSACTION
control field 20100611145444.0
008 - FIXED-LENGTH DATA ELEMENTS--GENERAL INFORMATION
fixed length control field 100611t xxu||||| |||| 00| 0 eng d
245 ## - TITLE STATEMENT
Title India today
260 ## - PUBLICATION, DISTRIBUTION, ETC. (IMPRINT)
Place of publication, distribution, etc Noida
Name of publisher, distributor, etc Wecare
942 ## - ADDED ENTRY ELEMENTS (KOHA)
item type General Magazine
260 ## - PUBLICATION, DISTRIBUTION, ETC. (IMPRINT)
-- 11495
Holdings
Lost status Source of classification or shelving scheme Not for loan Home library Current library Date acquired Total Checkouts Barcode Date last seen Price effective from Koha item type
  Universal Decimal Classification   University Library University Library 11/06/2010   P4 11/06/2010 11/06/2010 General Magazine
University Library, CUSAT